Najbardziej demokratyczne państwa na świecie - Statystyki

Ogólne statystyki
  • Ten quiz został rozwiązany 358 razy
    163 od ostatniego zresetowania
  • Średni wynik to 17 z 24
Statystyki odpowiedzi
Ogólna ocena demokracji Państwo % Poprawnych
8,80 Niemcy
90%
8,69 Kanada
89%
9,81 Norwegia
88%
9,30 Finlandia
86%
9,39 Szwecja
86%
9,28 Dania
85%
8,07 Francja
85%
8,07 Hiszpania
83%
8,40 Japonia
81%
9,14 Szwajcaria
81%
8,66 Australia
80%
9,00 Holandia
80%
8,28 Wielka Brytania
80%
9,45 Islandia
78%
8,28 Austria
74%
8,09 Korea Południowa
73%
9,19 Irlandia
71%
9,61 Nowa Zelandia
71%
8,81 Luksemburg
68%
8,14 Grecja
59%
8,92 Tajwan
46%
8,66 Urugwaj
18%
8,29 Kostaryka
7%
8,14 Mauritius
4%
Nie znaleziono quizów pasujących do podanych kryteriów
Rozkład punktacji
Procent ludzi z każdym wynikiem
Percentyl według liczby udzielonych odpowiedzi
Twoja historia wyników
Nie rozwiązałeś tego quizu od ostatniego zresetowania